000 00498nam a2200181Ia 4500
005 20250508155729.0
008 008 250505s9999 xx 000 0 eng d
037 _aTextual
040 _aFEDL
_beng
_cFEDL
041 _aeng
_2eng
084 _a400, LYO
_qFEDL
100 _aLyons John
245 0 _aIntroduction to theoretical linguistics
260 _aCambridge
_bCambridge University Press
_c1968
300 _ax,519p
942 _cTEXL
_h400, LYO
999 _c1358990
_d1358990